Allgemeine Weltgeschichte für denkende und gebildete Leser : Mit Carls des Großen Portraite und einer karte. Vierter Band /

Hlavní autor: Schütz, Joseph Baptist
Další autoři: Karel, franský král a římský císař, asi 742-814, Blaschke, Ján, 1770-1833
Jazyk: Němčina
Vydáno: Wien : Im Verlage bey Anton Doll, 1811
Vydání: Dritte verbesserte und vermehrte Auflage
Témata:
Fyzický popis: 2 nečíslované strany, 360 stran, 1 nečíslovaná obrazová příloha, 1 nečíslovaná příloha ; 8°
Knihy
Uloženo v:
LEADER 02735nam a2200553 i 4500
001 mzk03001249323
003 CZ BrMZK
005 20180712080553.0
007 ta
008 180711s1811 au bc fr|||||00| ||gerod
040 |a BOA001  |b cze  |e rda 
072 7 |a 94(100)  |x Světové dějiny  |2 Konspekt  |9 8 
072 7 |a 094.5  |x Tisky (19. století)  |2 Konspekt  |9 12 
080 |a 94(100)  |2 MRF 
080 |a 94-021.143  |2 MRF 
080 |a 025.171  |2 MRF 
100 1 |a Schütz, Joseph Baptist  |7 pna2011648299  |4 aut 
245 1 0 |a Allgemeine Weltgeschichte für denkende und gebildete Leser :  |b Mit Carls des Großen Portraite und einer karte.  |n Vierter Band /  |c Nach Eichhorns, Gallettis und Remers Werken bearbeitet von J. B. Schütz 
246 3 3 |a Allgemeine Weltgeschichte. Vierter Band 
246 3 8 |a Schützs Allgemein[e] Weltgeschichte Vierter Band 
250 |a Dritte verbesserte und vermehrte Auflage 
264 1 |a Wien :  |b Im Verlage bey Anton Doll,  |c 1811 
300 |a 2 nečíslované strany, 360 stran, 1 nečíslovaná obrazová příloha, 1 nečíslovaná příloha ;  |c 8° 
336 |a text  |b txt  |2 rdacontent 
337 |a bez média  |b n  |2 rdamedia 
338 |a svazek  |b nc  |2 rdacarrier 
500 |a Výzdoba: Mědirytinový frontispis (portrét Karla Velikého) signovaný J. Blaschke sc., na titulním listě linky, iniciály, ozdobné a jednoduché linky, na konci knihy nečíslovaná mědirytinová příloha (mapa) 
500 |a Rozsah: [2], 360 s., [1] obr. příl., [1] příl. 
561 |a Provenience: [m.p.] Monasterii Braunensis O.S.B. 
561 |a Provenience: [razítko] S.A.B. BRAUNAU 
561 |a Provenience: [razítko] Carl Maurus Weps 
561 |a Provenience: [razítko] SVK HK/ 1873 
563 |a Polousňová vazba, lepenkové desky polepené hnědým mramorovaným papírem, hřbet a rohy z hověziny, na hřbetu červený nápisový štítek se zlaceným slepotiskovým názvem a číslem svazku, jednoduché a zdobené zlaté slepotiskové hřbetní linky, ořízka stříkaná zelenou barvou 
650 7 |a světové dějiny  |7 ph117271  |2 czenas 
650 7 |a události  |7 ph126858  |2 czenas 
650 7 |a historické knihovní fondy  |7 ph172933  |2 czenas 
655 4 |a tisky 19. století 
700 0 |a Karel,  |c franský král a římský císař,  |d asi 742-814  |7 jo20000082682  |4 oth 
700 1 |a Blaschke, Ján,  |d 1770-1833  |7 mzk2007411534  |4 egr 
910 |a NAG950  |b B - XXII. D. bb. 30,4 
978 |b Doll, Anton  |a Wien  |c 1811 
981 1 |a Weps, Carl Maurus 
982 0 |a Broumov - benediktinský klášter 
982 0 |a Hradec Králové - SVK 
984 |a Vídeň  |b Rakousko 
985 |a 1801-1850 
990 |a BK 
991 |k broumov 
980 |c 001782  |g B - XXII. D. bb. 30,4  |1 458950001782